书目信息 |
| 题名: |
一念之差
|
|
| 作者: | 布拉斯兰德 , 施皮格哈尔特 著 ;威治 译 | |
| 分册: | ||
| 出版信息: | 北京 生活·读书·新知三联书店 2017 |
|
| 页数: | 368页 | |
| 开本: | 23cm | |
| 丛书名: | 新知文库 | |
| 单 册: | ||
| 中图分类: | O211.1 , O211 | |
| 科图分类: | ||
| 主题词: | 概率--gai lv--普及读物 | |
| 电子资源: | ||
| ISBN: | 978-7-108-05816-4 | |
| 000 | 01214nam 2200313 450 | |
| 001 | 1965182453 | |
| 005 | 20170522123653.8 | |
| 010 | @a978-7-108-05816-4@dCNY 42.00 | |
| 099 | @aCAL 012017080542 | |
| 100 | @a20170522d2017 em y0chiy50 ea | |
| 101 | 0 | @achi |
| 102 | @aCN@b110000 | |
| 105 | @aa z 000yy | |
| 200 | 1 | @a一念之差@Ayi nian zhi cha@e关于风险的故事与数字@f(英) 迈克尔·布拉斯兰德, 戴维·施皮格哈尔特著@g威治译 |
| 210 | @a北京@c生活·读书·新知三联书店@d2017 | |
| 215 | @a368页@c图@d23cm | |
| 225 | 2 | @a新知文库@Axin zhi wen ku@v74 |
| 330 | @a本书主要内容包括:开端、婴儿、暴力、无事发生、意外、疫苗接种、巧合、性、药物、重大灾害等。 | |
| 410 | 0 | @12001 @a新知文库@v74 |
| 500 | 10 | @aNorm chronicles : stories and numbers about danger@Anorm chronicles : stories and numbers about danger@mChinese |
| 517 | 1 | @a关于风险的故事与数字@Aguan yu feng xian de gu shi yu shu zi |
| 606 | 0 | @a概率@Agai lv@j普及读物 |
| 690 | @aO211.1@v5 | |
| 690 | @aO211@v4 | |
| 701 | 1 | @a布拉斯兰德@Abu la si lan de@g(Blastland, Michael)@4著 |
| 701 | 1 | @a施皮格哈尔特@Ashi pi ge ha er te@g(Spiegelhardt, David)@4著 |
| 702 | 0 | @a威治@Awei zhi@4译 |
| 801 | 0 | @aCN@bHST@c20170522 |
| 905 | @aBZT@dO211@e5 | |
| 一念之差:关于风险的故事与数字/(英) 迈克尔·布拉斯兰德, 戴维·施皮格哈尔特著/威治译.-北京:生活·读书·新知三联书店,2017 |
| 368页:图;23cm.-(新知文库;74) |
| ISBN 978-7-108-05816-4:CNY 42.00 |
| 本书主要内容包括:开端、婴儿、暴力、无事发生、意外、疫苗接种、巧合、性、药物、重大灾害等。 |
| ● |
| 相关链接 |
|
|
|
正题名:一念之差
索取号:O211/5
 
预约/预借
| 序号 | 登录号 | 条形码 | 馆藏地/架位号 | 状态 | 备注 |
| 1 | 867463 | 2000867463 | 第二书库/ [索取号:O211/5] | 在馆 | |
| 2 | 867464 | 2000867464 | 第二书库/ [索取号:O211/5] | 在馆 | |
| 3 | 867465 | 2000867465 | 第二书库/ [索取号:O211/5] | 在馆 |